000 00771nam a2200277Ia 4500
001 11078
005 20240113235254.0
007 ta
008 050808s1957 g b000 u eng u
040 _aCotton College,Assam
041 _aeng
082 _a320.9
_bUt 4 D
100 _aUtley, T.E..
245 0 _aDocuments of Modern Political Thought /
_cT.E.Utley, J.Stuart Maclure.
_hTextual Documents
250 _a1st ed. /
260 _aCambridge :
_bAt The University Press ,
_c1957.
300 _a275p. ;
_c21cm.
504 _aIndex
653 _aPolitical Science-Modern Politics
653 _aPolitics-Modern
653 _aMS-Political Science
700 _aMaclure, J. Stuart .
942 _2ddc
_cBK
999 _c11065
_d11065